Ikhtisar perkembangan Islam / (Record no. 796)

000 -LEADER
fixed length control field nam a22 a 4500
003 - CONTROL NUMBER IDENTIFIER
control field AKMAL
005 - DATE AND TIME OF LATEST TRANSACTION
control field 20170505115423.0
008 - FIXED-LENGTH DATA ELEMENTS--GENERAL INFORMATION
fixed length control field 170505 19741988my 000 d
020 ## - INTERNATIONAL STANDARD BOOK NUMBER
International Standard Book Number 9836202234
040 ## - CATALOGING SOURCE
Original cataloging agency AKMAL
082 04 - DEWEY DECIMAL CLASSIFICATION NUMBER
Classification number 297.1221 DUS
090 ## - LOCALLY ASSIGNED LC-TYPE CALL NUMBER (OCLC); LOCAL CALL NUMBER (RLIN)
Classification number (OCLC) (R) ; Classification number, CALL (RLIN) (NR) 297.1221
Local cutter number (OCLC) ; Book number/undivided call number, CALL (RLIN) DUS
100 0# - MAIN ENTRY--PERSONAL NAME
Personal name Dusuki Haji Ahmad
9 (RLIN) 1739
245 10 - TITLE STATEMENT
Title Ikhtisar perkembangan Islam /
Statement of responsibility, etc. oleh Haji Dusuki bin Haji Ahmad.
260 ## - PUBLICATION, DISTRIBUTION, ETC.
Place of publication, distribution, etc. Kuala Lumpur :
Name of publisher, distributor, etc. Dewan Bahasa dan Pustaka,
Date of publication, distribution, etc. 1988.
300 00 - PHYSICAL DESCRIPTION
Extent xxi, 568ms. :
Other physical details peta ;
Dimensions 22cm.
500 ## - GENERAL NOTE
General note Mengandungi bibliografi dan soalan.
942 ## - ADDED ENTRY ELEMENTS (KOHA)
Source of classification or shelving scheme
Koha item type Book
Holdings
Withdrawn status Lost status Source of classification or shelving scheme Damaged status Not for loan Collection code Home library Current library Shelving location Date acquired Inventory number Total Checkouts Full call number Barcode Date last seen Price effective from Koha item type
          NON-FICTION AKMAL Melaka AKMAL Melaka PINJAMAN 05.05.2017 200065   297.1221 DUS 201701766 05.05.2017 05.05.2017 Book
Pusat Sumber Maklumat Dato' Haji Sarmin Md Hussin, Akademi Kastam Diraja Malaysia, Melaka
Tel: 06-2331106 | Faks: 06-2313787